CLINICAL GYNECOLOGY (Record no. 216702)

MARC details
000 -LEADER
fixed length control field 00539nam a22001937a 4500
008 - FIXED-LENGTH DATA ELEMENTS--GENERAL INFORMATION
fixed length control field 260226b |||||||| |||| 00| 0 eng d
020 ## - INTERNATIONAL STANDARD BOOK NUMBER
International Standard Book Number 978-93-86235-23-7
050 ## - LIBRARY OF CONGRESS CALL NUMBER
Classification number RG 101 .B 493 2019
100 ## - MAIN ENTRY--PERSONAL NAME
Personal name RAO,BHASKER
245 ## - TITLE STATEMENT
Title CLINICAL GYNECOLOGY
250 ## - EDITION STATEMENT
Edition statement 5
260 ## - PUBLICATION, DISTRIBUTION, ETC.
Place of publication, distribution, etc. TELANGANA,
Name of publisher, distributor, etc. UNIVERSITIES PRESS (INDIA) PRIVATE LIMITED,
Date of publication, distribution, etc. 2019,
300 ## - PHYSICAL DESCRIPTION
Extent Vi, 402 P, ILL
500 ## - GENERAL NOTE
General note INCLUDES INDEX
650 ## - SUBJECT ADDED ENTRY
Topical term or geographic name entry element GYNECOLOGY
700 ## - ADDED ENTRY--PERSONAL NAME
Personal name CHOWDHURY'S ROY, EDITOR S RATHNAKUMAR
942 ## - ADDED ENTRY ELEMENTS (KOHA)
Source of classification or shelving scheme Library of Congress Classification
Koha item type Long Loan Book
Holdings
Withdrawn status Lost status Source of classification or shelving scheme Damaged status Not for loan Collection Home library Current library Shelving location Date acquired Inventory number Total checkouts Full call number Barcode Date last seen Copy number Price effective from Koha item type
    Library of Congress Classification     Medicine Kisii University Library Kisii University Library On Display 02/26/2026 111336   RG 101 .B493 2019 A000168 02/26/2026 1 02/26/2026 Long Loan Book
    Library of Congress Classification     Medicine Kisii University Library Kisii University Library On Display 02/26/2026 111337   RG 101 .B493 2019 A000167 02/26/2026 2 02/26/2026 Long Loan Book
    Library of Congress Classification     Medicine Kisii University Library Kisii University Library On Display 02/26/2026 111338   RG 101 .B493 2019 A000170 02/26/2026 3 02/26/2026 Long Loan Book
    Library of Congress Classification     Medicine Kisii University Library Kisii University Library On Display 02/26/2026 111339   RG 101 .B493 2019 A000176 02/26/2026 4 02/26/2026 Long Loan Book
    Library of Congress Classification     Medicine Kisii University Library Kisii University Library On Display 02/26/2026 111340   RG 101 .B493 2019 A000174 02/26/2026 5 02/26/2026 Long Loan Book
    Library of Congress Classification     Medicine Kisii University Library Kisii University Library On Display 02/26/2026 111341   RG 101 .B493 2019 A000171 02/26/2026 6 02/26/2026 Long Loan Book
    Library of Congress Classification     Medicine Kisii University Library Kisii University Library On Display 02/26/2026 111342   RG 101 .B493 2019 A000172 02/26/2026 7 02/26/2026 Long Loan Book
    Library of Congress Classification     Medicine Kisii University Library Kisii University Library On Display 02/26/2026 111343   RG 101 .B493 2019 A000169 02/26/2026 8 02/26/2026 Long Loan Book